Años por imagen - Estadísticas

Estadísticas generales
  • Esta prueba ha sido intentada 4.712 veces
  • La puntuación promedio es 7 de 15
Estadísticas de respuestas
Imagen Hint Respuesta % Correcto
2022
96%
1969
88%
2001
87%
1492
73%
1989
69%
1944
61%
1912
56%
1914
55%
Año del evento, no del cuadro 1808
30%
1812
29%
2013
29%
1469
10%
1975
10%
1517
8%
1571
6%
No se encontraron pruebas coincidentes
Distribución de puntuación
Porcentaje de gente con cada puntuación
Porcentaje por número respondido
Historial de tus puntuaciones
No has intentado esta prueba.